[Event "Canarias-chT"]
[Site "Vecindario"]
[Date "2019.06.14"]
[Round "3.2"]
[White "Haarkotter Martin, Michael"]
[Black "Diaz Hernandez, Francisco Javier"]
[Result "0-1"]
[WhiteElo "1310"]
[BlackElo "1475"]
[PlyCount "86"]
[EventDate "2019.06.13"]
[EventType "team-swiss"]
[EventRounds "6"]
[EventCountry "ESP"]
[SourceTitle "EXT 2020"]
[Source "ChessBase"]
[SourceDate "2019.10.17"]
[SourceVersion "1"]
[SourceVersionDate "2019.10.17"]
[SourceQuality "1"]
[WhiteTeam "Maspalomas"]
[BlackTeam "Roque Niquiomo  II"]
[WhiteTeamCountry "ESP"]
[BlackTeamCountry "ESP"]

1. e4 b6 2. Nf3 Bb7 3. Nc3 e6 4. d3 Bb4 5. Bd2 Nf6 6. Be2 d6 7. 0-0 Nbd7 8. a3 Bxc3 9. Bxc3 e5 10. h3 0-0 11. Nh2 Re8 12. Ng4 Bc8 13. Bd2 Nxg4 14. Bxg4 Nf8 15. f4 exf4 16. Bxf4 Ng6 17. Bg3 Rf8 18. Qf3 Ne5 19. Bxe5 dxe5 20. Rad1 Qd4+ 21. Rf2 Bxg4 22. Qxg4 Qxb2 23. Rdf1 Qd4 24. Kh1 g6 25. h4 Qd8 26. h5 Qe7 27. Qg3 Rae8 28. hxg6 fxg6 29. Rxf8+ Rxf8 30. Rxf8+ Kxf8 31. Qh3 Kg7 32. c4 h5 33. Kg1 Kf7 34. Qc8 Qd6 35. Qh8 Ke7 36. Qh7+ Kd8 37. Qg8+ Kd7 38. Qa8 a5 39. Qg8 Qe6 40. Qf8 Qd6 41. Qf7+ Kc8 42. Qe8+ Kb7 43. Qb5 Qxd3 0-1

[Event "Puerto del Rosario op U2300 "]
[Site "Puerto del Rosario"]
[Date "2018.09.27"]
[Round "1"]
[White "Diaz Hernandez, Francisco Javier"]
[Black "Gilardone, Adriano"]
[Result "0-1"]
[WhiteElo "1495"]
[BlackElo "2116"]
[PlyCount "100"]
[EventDate "2018.09.27"]
[EventType "swiss"]
[EventRounds "7"]
[EventCountry "ESP"]
[SourceTitle "CBM 187 Extra"]
[Source "ChessBase"]
[SourceDate "2018.11.04"]
[SourceVersion "1"]
[SourceVersionDate "2018.11.04"]
[SourceQuality "1"]

1. c4 e6 2. g3 f5 3. Bg2 Nf6 4. Nc3 Bc5 5. d4 Bb4 6. Qb3 c5 7. dxc5 Na6 8. Bf4 Qa5 9. Bd6 Nxc5 10. Bxc5 Qxc5 11. a3 Bxc3+ 12. Qxc3 a5 13. Nf3 0-0 14. 0-0 Ne4 15. Qd4 Qc7 16. Rac1 d6 17. Rfd1 Rd8 18. e3 Bd7 19. Ne1 Ba4 20. Nc2 Nc5 21. Qc3 Bb3 22. Re1 Bxc2 23. Qxc2 a4 24. Re2 Rac8 25. e4 fxe4 26. Bxe4 g6 27. Bg2 Nb3 28. Rce1 Nd4 29. Qxa4 Nxe2+ 30. Rxe2 Qxc4 31. Qxc4 Rxc4 32. Rxe6 Rc1+ 33. Bf1 Kf7 34. Re3 Re8 35. Rf3+ Kg7 36. Kg2 Ree1 37. Bb5 Rg1+ 38. Kh3 Rgd1 39. a4 Rd2 40. b3 Rc5 41. Kg2 Rf5 42. h3 Kf6 43. h4 d5 44. g4 Rxf3 45. Kxf3 Rb2 46. Ke3 Ke5 47. f4+ Kd6 48. h5 Rxb3+ 49. Kf2 gxh5 50. gxh5 Ke6 0-1

[Event "Las Palmas Montalvo Memorial 6th"]
[Site "Las Palmas"]
[Date "2013.03.29"]
[Round "6"]
[White "Garcia Cruz, Jose Manuel"]
[Black "Diaz Hernandez, Francisco Javier"]
[Result "0-1"]
[WhiteElo "1368"]
[BlackElo "1534"]
[PlyCount "89"]
[EventDate "2013.03.25"]
[EventType "swiss"]
[EventRounds "9"]
[EventCountry "ESP"]
[SourceTitle "EXT 2014"]
[Source "ChessBase"]
[SourceDate "2013.11.20"]
[SourceVersion "1"]
[SourceVersionDate "2013.11.20"]
[SourceQuality "1"]

1. d4 Nf6 2. c4 e5 3. dxe5 Ng4 4. Nf3 Nc6 5. Qd5 Bb4+ 6. Bd2 Bxd2+ 7. Nbxd2 Qe7 8. h3 Ngxe5 9. Nxe5 Qxe5 10. Qxe5+ Nxe5 11. e3 b6 12. Be2 Bb7 13. 0-0 h5 14. f4 Ng6 15. Bf3 0-0-0 16. Bxb7+ Kxb7 17. Rae1 Rde8 18. f5 Ne5 19. b3 Nd3 20. Re2 f6 21. e4 Re7 22. Re3 Ne5 23. Nf3 Rhe8 24. Nd4 a6 25. Rd1 Nf7 26. Nf3 Nh6 27. Rde1 Nxf5 28. Rd3 d6 29. exf5 Rxe1+ 30. Nxe1 Rxe1+ 31. Kf2 Re5 32. g4 hxg4 33. hxg4 Kc6 34. b4 Re4 35. b5+ axb5 36. cxb5+ Kxb5 37. Rb3+ Ka5 38. Kf3 Re5 39. a3 c5 40. a4 c4 41. Rc3 Kb4 42. Rc1 Rc5 43. Ke4 c3 44. Kd3 c2 45. Kd4 0-1